000 00815nam a2200241 a 4500
005 20160115122020.0
008 160115s2008 ck ||||| |||| 00| 0 spa d
020 _a9789584430724
040 _aCO-BoIAVH
_cCO-BoIAVH
041 _aspa
044 _ack
082 0 4 _a658.567
_bU58g7
110 2 _aMedellín
_bUniversidad Pontificia Bolivariana
_951657
245 1 0 _aGuía para el manejo integral de residuos :
_bsector centros comerciales.
260 _aMedellín :
_bUPB:
_bArea Metropolitana del Valle de Aburrá,
_c2008.
300 _a67 p.
650 1 4 _aResiduos
_923007
650 2 4 _aAlmacenamiento de residuos
_951658
650 2 4 _aAprovechamiento de residuos
_951659
650 2 4 _aResiduos sólidos
_951660
710 2 _aMedellín
_bÁrea Metropolitana del Valle de Aburrá.
_951661
942 _cLIBRO
_2ddc
999 _c6638
_d6638